[Event "Bayern-chTT (Oberliga)"]
[Site "Bayern 2008/09"]
[Date "2009.03.01"]
[Round "7.4"]
[White "Zach, Andreas(60)"]
[Black "Pohl-Kuemmel, Jens-Uwe"]
[Result "1/2-1/2"]
[WhiteElo "2248"]
[BlackElo "2190"]
[PlyCount "102"]
[EventDate "2009.03.??"]
[EventType "team-tourn"]
[EventRounds "9"]
[WhiteTeam "Gröbenzell 1"]
[BlackTeam "Regensburg-Fortuna 1"]

1. f4 Nf6 2. b3 g6 3. Bb2 Bg7 4. Nf3 O-O 5. e3 c5 6. Be2 Nc6 7. O-O d6 8. a3 e5
9. fxe5 Ng4 10. Nc3 Ngxe5 11. Ra2 Be6 12. Ne4 Nxf3+ 13. Bxf3 f5 14. Nf2 Qe7 15.
d4 Bf7 16. Re1 Rfe8 17. dxc5 dxc5 18. Bxg7 Kxg7 19. Bxc6 bxc6 20. c4 Rad8 21.
Rd2 Qg5 22. Rxd8 Rxd8 23. Qa1+ Kg8 24. Qe5 Rd2 25. Qxc5 Qf6 26. e4 Qb2 27. exf5
Qxb3 28. fxg6 hxg6 29. Qxc6 Qxa3 30. Ng4 Qc3 31. Nh6+ Kg7 32. Nxf7 Kxf7 33.
Qc7+ Kf6 34. Qe7+ Kf5 35. Qe4+ Kg5 36. Qe7+ Kh6 37. Qh4+ Kg7 38. Qe7+ Kh6 39.
Qxa7 Rxg2+ 40. Kxg2 Qxe1 41. Qd4 Qe2+ 42. Kg3 Qe1+ 43. Kf4 Qh4+ 44. Ke3 Qe1+
45. Kf3 Qf1+ 46. Kg3 Qe1+ 47. Kf4 Qh4+ 48. Ke5 Qe7+ 49. Kd5 Qd7+ 50. Ke4 Qf5+
51. Ke3 Qh3+ 1/2-1/2

[Event "Bayern-chTT (Oberliga)"]
[Site "Bayern 2008/09"]
[Date "2009.03.01"]
[Round "7.5"]
[White "Mandl, Robert"]
[Black "Kaunzinger, Albert"]
[Result "1/2-1/2"]
[WhiteElo "2200"]
[BlackElo "2187"]
[PlyCount "91"]
[EventDate "2009.03.??"]
[EventType "team-tourn"]
[EventRounds "9"]
[WhiteTeam "Regensburg-Fortuna 1"]
[BlackTeam "Gröbenzell 1"]

1. c4 b6 2. Nf3 Bb7 3. g3 e6 4. Bg2 Nf6 5. O-O Be7 6. Nc3 O-O 7. d4 d6 8. Qc2
Nbd7 9. Rd1 Qc8 10. b3 Re8 11. Bb2 Nf8 12. Rac1 Ng6 13. Bh3 Qb8 14. e4 a6 15.
a3 Bf8 16. b4 Qa7 17. Nd2 Rad8 18. Nb3 Qa8 19. Bg2 e5 20. Nd5 Qc8 21. dxe5 Nxe5
22. Nxf6+ gxf6 23. Nd4 Qg4 24. h3 Qh5 25. f4 Nd7 26. Kh2 Qg6 27. Re1 Bg7 28.
Nf5 a5 29. Bf3 axb4 30. axb4 Ra8 31. Qe2 Ra2 32. Rc2 h6 33. Bh5 Qh7 34. Bf3
Qxf5 35. exf5 Rxe2+ 36. Bxe2 Be4 37. Rd2 Bxf5 38. Bc3 Ra3 39. Rc1 Be6 40. Bd3
f5 41. Bxg7 Kxg7 42. Rcc2 Rb3 43. Rb2 Rc3 44. Rbc2 Rb3 45. Rb2 Rc3 46. Rbc2
1/2-1/2

[Event "Bayern-chTT (Oberliga)"]
[Site "Bayern 2008/09"]
[Date "2009.03.01"]
[Round "7.6"]
[White "Scheckenbach, Franz"]
[Black "Jauernig, Udo"]
[Result "0-1"]
[WhiteElo "2123"]
[BlackElo "2161"]
[PlyCount "112"]
[EventDate "2009.03.??"]
[EventType "team-tourn"]
[EventRounds "9"]
[WhiteTeam "Gröbenzell 1"]
[BlackTeam "Regensburg-Fortuna 1"]

1. e4 e6 2. d3 d5 3. Nd2 Nf6 4. Ngf3 Nc6 5. c3 a5 6. Be2 Be7 7. O-O O-O 8. Qc2
b6 9. Re1 Ba6 10. Nf1 Na7 11. Bf4 c5 12. Ne5 Rc8 13. Bg3 Bb7 14. Nd2 Nd7 15.
Nxd7 Qxd7 16. e5 Nc6 17. Bg4 Ba6 18. a3 Rfe8 19. Nf3 b5 20. b3 Rb8 21. h4 Rec8
22. Qd2 c4 23. dxc4 bxc4 24. b4 axb4 25. axb4 Bb5 26. Nd4 Nxd4 27. Qxd4 Bd8 28.
Red1 Bb6 29. Qf4 Ra8 30. h5 h6 31. Be2 Ba4 32. Rdc1 Bb3 33. Bh4 Kh7 34. Bf3
Rxa1 35. Rxa1 Bc2 36. Rc1 Bd3 37. g4 Ra8 38. g5 hxg5 39. Qxg5 Ra2 40. Kh1 Qe8
41. Rg1 Qf8 42. Kg2 Rc2 43. Rc1 f6 44. Qf4 Rxc1 45. Qxc1 fxe5 46. Qg5 Bf5 47.
Qg3 Bc7 48. Be2 Qf7 49. Bg5 Be4+ 50. Kg1 Qf5 51. Qh4 Bb6 52. Bd2 d4 53. h6 Qg6+
54. Bg4 Bf5 55. hxg7+ Kxg7 56. Qe7+ Kg8 0-1

[Event "Bayern-chTT (Oberliga)"]
[Site "Bayern 2008/09"]
[Date "2009.03.01"]
[Round "7.7"]
[White "Heumann, Joern"]
[Black "Schmidt, Anton(61)"]
[Result "1-0"]
[WhiteElo "2110"]
[BlackElo "2054"]
[PlyCount "65"]
[EventDate "2009.03.??"]
[EventType "team-tourn"]
[EventRounds "9"]
[WhiteTeam "Regensburg-Fortuna 1"]
[BlackTeam "Gröbenzell 1"]

1. e4 c5 2. Nf3 Nc6 3. d4 cxd4 4. Nxd4 Nf6 5. Nc3 e5 6. Ndb5 d6 7. Bg5 a6 8.
Na3 b5 9. Nd5 Be7 10. Bxf6 Bxf6 11. c3 O-O 12. Nc2 Rb8 13. a3 Bg5 14. h4 Bh6
15. g3 a5 16. Bg2 Be6 17. Qd3 Ne7 18. Nce3 Bxe3 19. Nxe3 Qd7 20. O-O Rfd8 21.
Rfd1 Qc8 22. b4 Qc7 23. Rac1 Qa7 24. Ra1 Qb6 25. Rab1 Rbc8 26. Bf1 axb4 27.
axb4 d5 28. Qxb5 Qxb5 29. Bxb5 Rxc3 30. exd5 Bf5 31. d6 Bxb1 32. dxe7 Rxd1+ 33.
Nxd1 1-0

[Event "Bayern-chTT (Oberliga)"]
[Site "Bayern 2008/09"]
[Date "2009.03.01"]
[Round "7.8"]
[White "Stocker, Rupert"]
[Black "Trenchev, Yolo"]
[Result "0-1"]
[WhiteElo "2049"]
[BlackElo "2130"]
[PlyCount "66"]
[EventDate "2009.03.??"]
[EventType "team-tourn"]
[EventRounds "9"]
[WhiteTeam "Gröbenzell 1"]
[BlackTeam "Regensburg-Fortuna 1"]

1. c4 b6 2. b3 Bb7 3. Bb2 e6 4. e3 Nf6 5. Nf3 Be7 6. Be2 O-O 7. O-O c5 8. Nc3
Nc6 9. Rc1 d5 10. cxd5 Nxd5 11. Qc2 Nxc3 12. Bxc3 Bf6 13. Rfd1 Rc8 14. a3 Bxc3
15. Qxc3 Qd5 16. Qb2 a5 17. Ne1 e5 18. d3 Rfd8 19. Bf3 Qe6 20. Rc3 Ba6 21. Rdc1
Rd6 22. Qb1 Bb5 23. Be2 Rcd8 24. Bf1 Qd7 25. Qb2 h5 26. R3c2 h4 27. h3 Rg6 28.
Rd2 Qxh3 29. b4 cxb4 30. a4 Bxa4 31. Qa2 Bb5 32. Rcd1 Qf5 33. Qb1 a4 0-1

[Event "Bayern-chTT (Oberliga)"]
[Site "Bayern 2008/09"]
[Date "2009.03.01"]
[Round "7.1"]
[White "Barsov, Alexei"]
[Black "Milov, Leonid"]
[Result "1/2-1/2"]
[WhiteElo "2492"]
[BlackElo "2487"]
[PlyCount "65"]
[EventDate "2009.03.??"]
[EventType "team-tourn"]
[EventRounds "9"]
[WhiteTeam "Krumbach 1"]
[BlackTeam "Nürnberg-NT 1"]

1. d4 d5 2. c4 c6 3. Nf3 Nf6 4. Nc3 dxc4 5. a4 Bf5 6. Ne5 Nbd7 7. Nxc4 Nb6 8.
Ne5 a5 9. e3 Nbd7 10. Qb3 Nxe5 11. dxe5 Nd7 12. e4 Be6 13. Qxb7 Nxe5 14. Bf4
Rb8 15. Qa6 Ra8 16. Qb7 Rb8 17. Qa6 Ra8 18. Rd1 Rxa6 19. Rxd8+ Kxd8 20. Bxa6
Bc4 21. Bxc4 Nxc4 22. b3 e5 23. Bg3 Bb4 24. Ke2 Bxc3 25. Rc1 Bd4 26. Rxc4 c5
27. f4 Ke7 28. fxe5 Rb8 29. Bf2 Rxb3 30. Bxd4 cxd4 31. Rxd4 Ra3 32. h4 h5 33.
Kf2 1/2-1/2

[Event "Bayern-chTT (Oberliga)"]
[Site "Bayern 2008/09"]
[Date "2009.03.01"]
[Round "7.2"]
[White "Mischustov, Michael"]
[Black "Vokac, Marek"]
[Result "0-1"]
[WhiteElo "2345"]
[BlackElo "2452"]
[PlyCount "74"]
[EventDate "2009.03.??"]
[EventType "team-tourn"]
[EventRounds "9"]
[WhiteTeam "Nürnberg-NT 1"]
[BlackTeam "Krumbach 1"]

1. e4 g6 2. d4 Bg7 3. Nc3 d6 4. Be3 a6 5. g3 b5 6. Bg2 Bb7 7. Nge2 e6 8. a3 Nd7
9. O-O Ne7 10. Qd2 O-O 11. Rad1 Nb6 12. b3 Qd7 13. d5 exd5 14. Nxd5 Nbxd5 15.
exd5 Rae8 16. Rfe1 Nf5 17. Bf4 Qd8 18. c4 bxc4 19. bxc4 Bc8 20. Qa5 c5 21. Qa4
h6 22. Qc6 g5 23. Bc1 Bd7 24. Qb7 Ba4 25. Rd3 Nd4 26. Be3 Nc2 27. Rc1 Nxe3 28.
Rxe3 Rxe3 29. fxe3 Qa5 30. Rf1 Bc2 31. Qe7 Be5 32. Bf3 Bg6 33. e4 Qxa3 34. h4
Qe3+ 35. Rf2 a5 36. h5 Bxe4 37. Bg4 Bxg3 0-1

[Event "Bayern-chTT (Oberliga)"]
[Site "Bayern 2008/09"]
[Date "2009.03.01"]
[Round "7.3"]
[White "Lang, Marc(69)"]
[Black "Epding, Olaf"]
[Result "1/2-1/2"]
[WhiteElo "2275"]
[BlackElo "2157"]
[PlyCount "27"]
[EventDate "2009.03.??"]
[EventType "team-tourn"]
[EventRounds "9"]
[WhiteTeam "Krumbach 1"]
[BlackTeam "Nürnberg-NT 1"]

1. d4 d5 2. c4 e6 3. Nc3 Nf6 4. Bg5 Be7 5. e3 O-O 6. Nf3 h6 7. Bh4 b6 8. Bd3
Bb7 9. O-O Nbd7 10. Bg3 c5 11. cxd5 Nxd5 12. Nxd5 Bxd5 13. Qe2 cxd4 14. Nxd4
1/2-1/2

[Event "Bayern-chTT (Oberliga)"]
[Site "Bayern 2008/09"]
[Date "2009.03.01"]
[Round "7.4"]
[White "Kirchner, Thomas"]
[Black "Riefner, Edwin"]
[Result "1/2-1/2"]
[WhiteElo "2266"]
[BlackElo "2234"]
[PlyCount "90"]
[EventDate "2009.03.??"]
[EventType "team-tourn"]
[EventRounds "9"]
[WhiteTeam "Nürnberg-NT 1"]
[BlackTeam "Krumbach 1"]

1. e4 e6 2. d4 d5 3. exd5 exd5 4. Bd3 Bd6 5. Nf3 Ne7 6. O-O O-O 7. Re1 Bf5 8.
Bg5 f6 9. Bh4 Bxd3 10. Qxd3 Qd7 11. c4 c6 12. Nc3 Na6 13. a3 Nf5 14. Bg3 Bxg3
15. hxg3 Nc7 16. b3 Rae8 17. c5 Nh6 18. b4 Qf5 19. Qxf5 Nxf5 20. Red1 b5 21.
cxb6 axb6 22. a4 Ra8 23. Rdc1 Nd6 24. Nd2 Ne6 25. Nb3 Rfc8 26. Kf1 Kf7 27. Ke2
Ra7 28. Kd3 Nc7 29. Nd2 Ke6 30. Re1+ Kd7 31. a5 bxa5 32. Na4 Kd8 33. Nb6 Rb8
34. bxa5 Na8 35. Nxa8 Rbxa8 36. Nb3 Nb7 37. Rac1 Nxa5 38. Nxa5 Rxa5 39. Rxc6
Ra3+ 40. Kd2 Ra2+ 41. Kc3 Rxf2 42. Rd6+ Kc7 43. Ree6 Rxg2 44. Rc6+ Kd7 45.
Rcd6+ Kc7 1/2-1/2

[Event "Bayern-chTT (Oberliga)"]
[Site "Bayern 2008/09"]
[Date "2009.03.01"]
[Round "7.5"]
[White "Kempter, Ronald"]
[Black "Martin, Thomas(66)"]
[Result "1-0"]
[WhiteElo "2223"]
[BlackElo "2266"]
[PlyCount "89"]
[EventDate "2009.03.??"]
[EventType "team-tourn"]
[EventRounds "9"]
[WhiteTeam "Krumbach 1"]
[BlackTeam "Nürnberg-NT 1"]

1. Nf3 Nf6 2. g3 d5 3. Bg2 Bf5 4. d3 h6 5. O-O e6 6. c4 c6 7. b3 Be7 8. Bb2 O-O
9. Nbd2 Nbd7 10. Qc2 a5 11. a3 Bh7 12. Bc3 Rc8 13. b4 axb4 14. axb4 dxc4 15.
Nxc4 Nd5 16. Rab1 b5 17. Ne3 Nxc3 18. Qxc3 c5 19. bxc5 Bxc5 20. Qd2 Rb8 21. Nc2
Qb6 22. Rb3 Rfc8 23. Na3 Bxa3 24. Rxa3 b4 25. Ra2 b3 26. Rb2 Nc5 27. Rfb1 Na4
28. Rxb3 Qxb3 29. Rxb3 Rxb3 30. Qa2 Rb4 31. h3 Nc3 32. Qd2 f6 33. Qe3 e5 34.
Nd2 Rb2 35. Nc4 Rxe2 36. Qb6 Kh8 37. Nd6 Re1+ 38. Kh2 Rb1 39. Nf7+ Kg8 40. Qe6
Rf8 41. Nxe5+ Kh8 42. Nf7+ Kg8 43. Nxh6+ Kh8 44. Nf7+ Kg8 45. Nd8+ 1-0

[Event "Bayern-chTT (Oberliga)"]
[Site "Bayern 2008/09"]
[Date "2009.03.01"]
[Round "7.6"]
[White "Pauli, Alexander Dr"]
[Black "Egger, Thomas(58)"]
[Result "1/2-1/2"]
[WhiteElo "2170"]
[BlackElo "2156"]
[PlyCount "50"]
[EventDate "2009.03.??"]
[EventType "team-tourn"]
[EventRounds "9"]
[WhiteTeam "Nürnberg-NT 1"]
[BlackTeam "Krumbach 1"]

1. e4 Nf6 2. e5 Nd5 3. Qf3 e6 4. Qg3 d6 5. f4 Nc6 6. Nf3 Nce7 7. d4 Nf5 8. Qf2
Be7 9. c4 Nb6 10. g4 Nh4 11. Be3 Nxf3+ 12. Qxf3 Bh4+ 13. Bf2 dxe5 14. dxe5
Bxf2+ 15. Qxf2 Bd7 16. Nc3 Bc6 17. Rg1 Qd7 18. Rd1 Qe7 19. a3 O-O 20. g5 Rfd8
21. Bd3 Na4 22. Nxa4 Bxa4 23. Rd2 c5 24. Rg3 g6 25. Be4 Rxd2 1/2-1/2

[Event "Bayern-chTT (Oberliga)"]
[Site "Bayern 2008/09"]
[Date "2009.03.01"]
[Round "7.7"]
[White "Trassl, Franz"]
[Black "Heimrath, Reiner"]
[Result "0-1"]
[WhiteElo "2111"]
[BlackElo "2179"]
[PlyCount "128"]
[EventDate "2009.03.??"]
[EventType "team-tourn"]
[EventRounds "9"]
[WhiteTeam "Krumbach 1"]
[BlackTeam "Nürnberg-NT 1"]

1. Nf3 d6 2. e4 e5 3. Nc3 c6 4. d4 Nd7 5. Bc4 Be7 6. Be3 Ngf6 7. Bb3 O-O 8. O-O
b6 9. Nd2 Ba6 10. Re1 Rc8 11. f3 b5 12. Qe2 Qa5 13. Qf2 exd4 14. Bxd4 c5 15.
Be3 c4 16. Nd5 Nxd5 17. exd5 Bb7 18. c3 cxb3 19. axb3 Qd8 20. c4 a6 21. Rac1
Re8 22. Ne4 f5 23. Ng3 Bh4 24. Qd2 Qf6 25. Red1 Bxg3 26. hxg3 h6 27. Bd4 Qg5
28. Qf2 Nc5 29. Bxc5 Rxc5 30. f4 Qg4 31. Rd2 Qg6 32. Rdc2 b4 33. Re1 Rcc8 34.
Rce2 Rxe2 35. Rxe2 Re8 36. Rxe8+ Qxe8 37. Qb6 Qe1+ 38. Kh2 Qe7 39. Qxb4 g5 40.
Qd2 Kf7 41. Qd4 gxf4 42. gxf4 Bc8 43. Qh8 Qf8 44. Qd4 Qd8 45. g3 a5 46. Kh3 Bd7
47. Qe3 Qb8 48. Qc3 Qb6 49. Kg2 Ke7 50. Qg7+ Kd8 51. Qc3 Kc7 52. Kf1 Qb4 53.
Qd3 a4 54. bxa4 Qxb2 55. Qe3 Qa1+ 56. Kg2 Qa2+ 57. Kh3 Qxc4 58. Kh4 Qxd5 59.
Qc3+ Qc6 60. Qa5+ Kc8 61. Kh5 Be8+ 62. Kxh6 d5+ 63. Kg7 Qg6+ 64. Kh8 Qf6+ 0-1

[Event "Bayern-chTT (Oberliga)"]
[Site "Bayern 2008/09"]
[Date "2009.03.01"]
[Round "7.8"]
[White "Just, Hannes"]
[Black "Riedel, Lutz"]
[Result "0-1"]
[WhiteElo "2095"]
[BlackElo "1997"]
[PlyCount "42"]
[EventDate "2009.03.??"]
[EventType "team-tourn"]
[EventRounds "9"]
[WhiteTeam "Nürnberg-NT 1"]
[BlackTeam "Krumbach 1"]

1. Nf3 c5 2. c4 Nc6 3. e3 g6 4. Nc3 Bg7 5. d4 Nf6 6. d5 Na5 7. e4 O-O 8. h3 b6
9. a3 d6 10. Be3 Nb7 11. Qd2 a6 12. Bh6 Bd7 13. Bxg7 Kxg7 14. g4 Rb8 15. g5 Nh5
16. Be2 b5 17. Nh4 Na5 18. Bxh5 Nxc4 19. Qe2 gxh5 20. b3 Ne5 21. Qb2 Nd3+ 0-1

[Event "Bayern-chTT (Oberliga)"]
[Site "Bayern 2008/09"]
[Date "2009.03.01"]
[Round "7.1"]
[White "Vavra, Pavel"]
[Black "Meister, Peter(66)"]
[Result "0-1"]
[WhiteElo "2391"]
[BlackElo "2366"]
[PlyCount "72"]
[EventDate "2009.03.??"]
[EventType "team-tourn"]
[EventRounds "9"]
[WhiteTeam "Würzburg 1"]
[BlackTeam "München-Bayern 2"]

1. d4 e6 2. e4 d5 3. Nd2 h6 4. Ngf3 Nf6 5. Bd3 c5 6. c3 Nc6 7. O-O dxe4 8. Nxe4
cxd4 9. cxd4 Be7 10. a3 O-O 11. Bc2 Nxe4 12. Bxe4 Qd6 13. Ne5 Bf6 14. Nxc6 bxc6
15. Be3 Ba6 16. Re1 Bc4 17. Bxh6 gxh6 18. Qc1 Bd5 19. Qxh6 Bxe4 20. Qxf6 Bg6
21. Re3 Qd8 22. Rxe6 Qxf6 23. Rxf6 Be4 24. Re1 Bd5 25. Re3 Rfb8 26. Re2 Rb3 27.
h4 Rab8 28. Rd6 Rxb2 29. Rxb2 Rxb2 30. Rd7 Rd2 31. Rxa7 Rxd4 32. h5 Rh4 33. a4
Rxh5 34. a5 Rg5 35. Ra8+ Kg7 36. g3 Bf3 0-1

[Event "Bayern-chTT (Oberliga)"]
[Site "Bayern 2008/09"]
[Date "2009.03.01"]
[Round "7.2"]
[White "Drexel, Michael"]
[Black "Rupp, Markus(73)"]
[Result "1/2-1/2"]
[WhiteElo "2253"]
[BlackElo "2206"]
[PlyCount "44"]
[EventDate "2009.03.??"]
[EventType "team-tourn"]
[EventRounds "9"]
[WhiteTeam "München-Bayern 2"]
[BlackTeam "Würzburg 1"]

1. Nf3 d5 2. d4 Nf6 3. g3 e6 4. Bg2 b5 5. O-O Be7 6. c3 Bb7 7. Qb3 a6 8. a4 c6
9. Bg5 Nbd7 10. Nbd2 h6 11. Bxf6 Nxf6 12. Ne5 O-O 13. Nd3 Qb6 14. e4 Rab8 15.
exd5 exd5 16. a5 Qc7 17. Qc2 Bc8 18. b4 Bf5 19. Nb3 Rbe8 20. Rae1 Ne4 21. Nd2
Nd6 22. Nb3 Bg5 1/2-1/2

[Event "Bayern-chTT (Oberliga)"]
[Site "Bayern 2008/09"]
[Date "2009.03.01"]
[Round "7.3"]
[White "Graef, Harald"]
[Black "Klebel, Martin"]
[Result "1/2-1/2"]
[WhiteElo "2181"]
[BlackElo "2290"]
[PlyCount "113"]
[EventDate "2009.03.??"]
[EventType "team-tourn"]
[EventRounds "9"]
[WhiteTeam "Würzburg 1"]
[BlackTeam "München-Bayern 2"]

1. e4 c5 2. Nc3 Nc6 3. Bb5 Nd4 4. Bc4 e6 5. Nge2 a6 6. d3 g6 7. Nxd4 cxd4 8.
Ne2 Bg7 9. O-O Ne7 10. Bg5 h6 11. Bd2 O-O 12. c3 d5 13. exd5 exd5 14. Bb3 dxc3
15. bxc3 b5 16. Rc1 Bb7 17. Be3 Nf5 18. Bc5 Re8 19. Ng3 Rc8 20. Nxf5 Rxc5 21.
Nxg7 Kxg7 22. Qg4 Qf6 23. Qb4 Rc7 24. a4 Rec8 25. axb5 Rxc3 26. Rxc3 Qxc3 27.
Qe7 Rc7 28. Qd6 axb5 29. Bxd5 Bxd5 30. Qxd5 b4 31. g3 b3 32. Rb1 b2 33. Kg2 Re7
34. Qc4 Qxc4 35. dxc4 Re2 36. Kf3 Rc2 37. h4 Kf6 38. Ke3 Kf5 39. f3 Rc3+ 40.
Kd4 Rxf3 41. Rxb2 Rxg3 42. c5 Rg1 43. c6 Rd1+ 44. Kc5 Rc1+ 45. Kd6 Kg4 46. c7
f5 47. Rb6 Rxc7 48. Kxc7 f4 49. Rxg6+ Kxh4 50. Kd6 f3 51. Ke5 f2 52. Rf6 Kg3
53. Ke4 Kg2 54. Rg6+ Kh2 55. Rxh6+ Kg2 56. Rg6+ Kh2 57. Rh6+ 1/2-1/2

[Event "Bayern-chTT (Oberliga)"]
[Site "Bayern 2008/09"]
[Date "2009.03.01"]
[Round "7.4"]
[White "Leitner, Maximilian"]
[Black "Reis, Thomas(70)"]
[Result "1-0"]
[WhiteElo "2217"]
[BlackElo "2110"]
[PlyCount "89"]
[EventDate "2009.03.??"]
[EventType "team-tourn"]
[EventRounds "9"]
[WhiteTeam "München-Bayern 2"]
[BlackTeam "Würzburg 1"]

1. c4 e6 2. g3 f5 3. Bg2 Nf6 4. Nf3 Be7 5. O-O O-O 6. b3 d6 7. d4 Ne4 8. Bb2
Bf6 9. Qc2 Nc6 10. Rd1 Qe8 11. Nc3 Nxc3 12. Bxc3 e5 13. dxe5 dxe5 14. Qb2 e4
15. Nd4 Nxd4 16. Bxd4 Bd7 17. Qd2 Bxd4 18. Qxd4 Bc6 19. e3 Qe7 20. Qc3 a5 21.
c5 Bb5 22. Bf1 Bxf1 23. Kxf1 Qf6 24. Rd4 h5 25. h4 Rad8 26. Rad1 Rxd4 27. Rxd4
b6 28. Qc4+ Kh7 29. Qd5 Re8 30. cxb6 cxb6 31. Qd7 Re6 32. Kg2 Kg6 33. Rd5 Kh7
34. a3 Qg6 35. b4 axb4 36. axb4 Rf6 37. Qc8 Qg4 38. Rd8 Qf3+ 39. Kg1 Kg6 40.
Rd7 Kh7 41. Rd8 Kg6 42. Qc4 Qg4 43. Qg8 f4 44. Qe8+ Kh6 45. Qxe4 1-0

[Event "Bayern-chTT (Oberliga)"]
[Site "Bayern 2008/09"]
[Date "2009.03.01"]
[Round "7.5"]
[White "Poppe, Heiko"]
[Black "Braun, Christian Dr(67)"]
[Result "1/2-1/2"]
[WhiteElo "2097"]
[BlackElo "2185"]
[PlyCount "34"]
[EventDate "2009.03.??"]
[EventType "team-tourn"]
[EventRounds "9"]
[WhiteTeam "Würzburg 1"]
[BlackTeam "München-Bayern 2"]

1. e4 c5 2. Nc3 Nc6 3. g3 g6 4. Bg2 Bg7 5. d3 d6 6. Be3 Rb8 7. Qd2 b5 8. f4 b4
9. Nd1 Qb6 10. Nf3 f5 11. exf5 gxf5 12. O-O Nf6 13. h3 O-O 14. Re1 Kh8 15. Kh2
Rg8 16. Bf2 Re8 17. Ne3 Nd4 1/2-1/2

[Event "Bayern-chTT (Oberliga)"]
[Site "Bayern 2008/09"]
[Date "2009.03.01"]
[Round "7.6"]
[White "Christensen, Niels"]
[Black "Alm, Christopher"]
[Result "1-0"]
[WhiteElo "2159"]
[BlackElo "1998"]
[PlyCount "57"]
[EventDate "2009.03.??"]
[EventType "team-tourn"]
[EventRounds "9"]
[WhiteTeam "München-Bayern 2"]
[BlackTeam "Würzburg 1"]

1. d4 Nf6 2. c4 e5 3. dxe5 Ng4 4. e4 Nxe5 5. f4 Nec6 6. Be3 Na6 7. Nc3 Bc5 8.
Qd2 d6 9. a3 Bxe3 10. Qxe3 Nc5 11. b4 Nd7 12. Nf3 O-O 13. Bd3 Re8 14. O-O Nf8
15. Rad1 Bg4 16. h3 Bxf3 17. Qxf3 Nd4 18. Qh5 a5 19. e5 axb4 20. axb4 Nc6 21.
b5 Nb4 22. Be4 Qb8 23. Kh1 Ra3 24. Nd5 Nxd5 25. Bxd5 g6 26. Qh6 Re7 27. f5 gxf5
28. Rxf5 Rg3 29. Qh4 1-0

[Event "Bayern-chTT (Oberliga)"]
[Site "Bayern 2008/09"]
[Date "2009.03.01"]
[Round "7.7"]
[White "Vogt, Thomas(67)"]
[Black "Braun, Thomas Dr(57)"]
[Result "0-1"]
[WhiteElo "1895"]
[BlackElo "2080"]
[PlyCount "78"]
[EventDate "2009.03.??"]
[EventType "team-tourn"]
[EventRounds "9"]
[WhiteTeam "Würzburg 1"]
[BlackTeam "München-Bayern 2"]

1. e4 e6 2. d4 d5 3. Nc3 Nf6 4. Bg5 Bb4 5. exd5 Qxd5 6. Bxf6 Bxc3+ 7. bxc3 gxf6
8. Qd2 Qa5 9. Be2 Bd7 10. Nf3 Bc6 11. O-O Nd7 12. c4 Qxd2 13. Nxd2 O-O-O 14.
Rfd1 Nb6 15. c3 Rhg8 16. f3 Rg7 17. Kf2 Rdg8 18. Rg1 f5 19. Nb3 f6 20. Na5 e5
21. Nxc6 bxc6 22. Bd3 f4 23. Rab1 Kd7 24. Rbd1 Ke7 25. Be2 Na4 26. Rd3 Rb8 27.
dxe5 fxe5 28. Rgd1 Ke6 29. Rc1 Rb2 30. a3 Rg8 31. g4 Nc5 32. Rdd1 h5 33. h3 e4
34. fxe4 Nxe4+ 35. Kf3 Ng5+ 36. Kxf4 Rxe2 37. h4 Re4+ 38. Kg3 Rxg4+ 39. Kh2
Nf3+ 0-1

[Event "Bayern-chTT (Oberliga)"]
[Site "Bayern 2008/09"]
[Date "2009.03.01"]
[Round "7.8"]
[White "Wengler, Joerg"]
[Black "Reitz, Helmut(55)"]
[Result "1-0"]
[WhiteElo "2056"]
[BlackElo "1859"]
[PlyCount "93"]
[EventDate "2009.03.??"]
[EventType "team-tourn"]
[EventRounds "9"]
[WhiteTeam "München-Bayern 2"]
[BlackTeam "Würzburg 1"]

1. e4 d5 2. exd5 Qxd5 3. Nc3 Qa5 4. d4 c6 5. Nf3 Nf6 6. Ne5 Bf5 7. Bc4 e6 8.
O-O Bd6 9. Re1 O-O 10. Bb3 Qc7 11. h3 Nbd7 12. Qe2 Nd5 13. Nd1 N7f6 14. c4 Ne7
15. Nc3 Bg6 16. Bg5 Nf5 17. Rad1 Rad8 18. Nxg6 hxg6 19. d5 exd5 20. cxd5 Rfe8
21. Qc4 Rxe1+ 22. Rxe1 Re8 23. Rxe8+ Nxe8 24. dxc6 bxc6 25. Ba4 Bh2+ 26. Kf1
Ned6 27. Qxc6 Qa5 28. Bd2 Qb4 29. Bb3 Nd4 30. Qa4 Qxa4 31. Bxa4 Nc4 32. Bc1 Be5
33. Nd5 Ne6 34. b3 Nd6 35. Be3 Bd4 36. Ke2 Nf5 37. Bxd4 Nfxd4+ 38. Kd3 Nf5 39.
b4 a5 40. a3 axb4 41. axb4 Kf8 42. Bd7 Nd8 43. Bxf5 gxf5 44. Kd4 Ke8 45. Ke5 g6
46. Kd6 Ne6 47. Nc7+ 1-0

[Event "Bayern-chTT (Oberliga)"]
[Site "Bayern 2008/09"]
[Date "2009.03.01"]
[Round "7.1"]
[White "Jirka, Jiri"]
[Black "Baldauf, Marco"]
[Result "0-1"]
[WhiteElo "2345"]
[BlackElo "2292"]
[PlyCount "100"]
[EventDate "2009.03.??"]
[EventType "team-tourn"]
[EventRounds "9"]
[WhiteTeam "Bamberg-SC 1"]
[BlackTeam "Pang/Ro.1"]

1. d4 d5 2. Nf3 Nf6 3. c4 c6 4. g3 g6 5. cxd5 cxd5 6. Bg2 Bg7 7. Ne5 O-O 8. Nc3
e6 9. O-O Nfd7 10. f4 Nc6 11. b3 Ndxe5 12. dxe5 f6 13. exf6 Bxf6 14. Bb2 Bd7
15. Qd2 Qe7 16. Rfd1 Qg7 17. Na4 Ne7 18. Bxf6 Qxf6 19. Nc5 Bc6 20. Qe3 Kf7 21.
g4 Rad8 22. Qh3 Qg7 23. Nd3 d4 24. Ne5+ Kg8 25. g5 Bxg2 26. Qxe6+ Kh8 27. Kxg2
Nd5 28. Rxd4 Ne3+ 29. Kf3 Rxd4 30. Kxe3 Rdxf4 31. Rc1 R4f5 32. Nd7 Rxg5 33. Rc7
Rd8 34. Qf6 Re8+ 35. Kd4 Rf5 36. Qxg7+ Kxg7 37. Ne5+ Kf6 38. Ng4+ Kg5 39. Ne3
Rf4+ 40. Kd3 Rfe4 41. Nd5 R4e5 42. e4 Rxe4 43. Rxb7 Rh4 44. Rxa7 Rd8 45. Ra5
Rxh2 46. a4 h5 47. Ke4 Re2+ 48. Ne3+ Kh6 49. Kf3 Rb2 50. Rb5 Rd3 0-1

[Event "Bayern-chTT (Oberliga)"]
[Site "Bayern 2008/09"]
[Date "2009.03.01"]
[Round "7.2"]
[White "Blaskowski, Johannes"]
[Black "Cernousek, Lukas"]
[Result "0-1"]
[WhiteElo "2295"]
[BlackElo "2394"]
[PlyCount "86"]
[EventDate "2009.03.??"]
[EventType "team-tourn"]
[EventRounds "9"]
[WhiteTeam "Pang/Ro.1"]
[BlackTeam "Bamberg-SC 1"]

1. e4 c5 2. Nf3 d6 3. d4 Nf6 4. Nc3 cxd4 5. Nxd4 a6 6. Bg5 e6 7. Qd3 h6 8. Bh4
Nbd7 9. f4 g5 10. fxg5 Ne5 11. Qd2 Nfd7 12. Be2 Ng6 13. Bg3 hxg5 14. O-O-O Nde5
15. Kb1 Bd7 16. Nf3 Be7 17. Rhf1 b5 18. a3 Rb8 19. h3 f6 20. Nxe5 Nxe5 21. Bxe5
dxe5 22. Bg4 b4 23. axb4 Rxb4 24. Rf3 Qc7 25. Ne2 Qb7 26. c3 Qxe4+ 27. Kc1 Rb7
28. Ng3 Qa4 29. Qd3 Kf7 30. Bh5+ Rxh5 31. Nxh5 e4 32. Qb1 exf3 33. Qh7+ Ke8 34.
Qg8+ Bf8 35. Nxf6+ Ke7 36. Nd5+ exd5 37. Qxg5+ Kf7 38. Qxd5+ Kf6 39. Qxb7 Bh6+
40. Rd2 Bxd2+ 41. Kxd2 Qf4+ 42. Kd1 f2 43. Qb6+ Kf7 0-1

[Event "Bayern-chTT (Oberliga)"]
[Site "Bayern 2008/09"]
[Date "2009.03.01"]
[Round "7.3"]
[White "Sodoma, Jan"]
[Black "Vogel, Robert(57)"]
[Result "1/2-1/2"]
[WhiteElo "2305"]
[BlackElo "2207"]
[PlyCount "89"]
[EventDate "2009.03.??"]
[EventType "team-tourn"]
[EventRounds "9"]
[WhiteTeam "Bamberg-SC 1"]
[BlackTeam "Pang/Ro.1"]

1. e4 Nc6 2. d4 d5 3. Nc3 e6 4. Nf3 Nf6 5. Bg5 Bb4 6. e5 h6 7. Bd2 Ne4 8. Bd3
Bxc3 9. bxc3 O-O 10. O-O f6 11. exf6 Qxf6 12. Re1 Nxd2 13. Qxd2 Bd7 14. Bb5 Qf4
15. Qxf4 Rxf4 16. Bxc6 Bxc6 17. Rxe6 Re8 18. Rxe8+ Bxe8 19. Rb1 b6 20. Re1 Kf8
21. Re5 Rf6 22. Rxd5 Bc6 23. Rd8+ Ke7 24. Rc8 Bxf3 25. Rxc7+ Kd6 26. Rxg7 Bd5
27. Rxa7 Re6 28. h4 Rg6 29. g3 Re6 30. Kf1 Bc4+ 31. Kg2 Re2 32. Rh7 Bd5+ 33.
Kh3 Rxf2 34. Rxh6+ Be6+ 35. g4 Rf3+ 36. Kg2 Rxc3 37. g5 Rxc2+ 38. Kf3 Rxa2 39.
g6 Ra1 40. h5 b5 41. Rh8 Ke7 42. g7 Rh1 43. h6 Kf6 44. Rf8+ Ke7 45. Rh8 1/2-1/2